Strategic Thinking; (Record no. 58995)

MARC details
000 -LEADER
fixed length control field 00402 a2200145 4500
008 - FIXED-LENGTH DATA ELEMENTS--GENERAL INFORMATION
fixed length control field 240508b ||||| |||| 00| 0 eng d
020 ## - INTERNATIONAL STANDARD BOOK NUMBER
International Standard Book Number 9781234567897
050 ## - LIBRARY OF CONGRESS CALL NUMBER
Classification number HD30.23
Item number .O36 2022
100 ## - MAIN ENTRY--PERSONAL NAME
Personal name Ogola, Fred
245 ## - TITLE STATEMENT
Title Strategic Thinking;
Remainder of title 10 Lessons from 1000 strategic plans/
260 ## - PUBLICATION, DISTRIBUTION, ETC. (IMPRINT)
Name of publisher, distributor, etc 9781234567897
Date of publication, distribution, etc 2022
300 ## - PHYSICAL DESCRIPTION
Extent x,127p.;
Dimensions 23 cm.
650 ## - SUBJECT ADDED ENTRY--TOPICAL TERM
Form subdivision Decision making
942 ## - ADDED ENTRY ELEMENTS (KOHA)
Item type Book
Source of classification or shelving scheme Library of Congress Classification
Holdings
Withdrawn status Lost status Source of classification or shelving scheme Damaged status Not for loan Collection code Home library Current library Shelving location Date acquired Source of acquisition Total Checkouts Total Renewals Full call number Barcode Date last seen Date last borrowed Uniform Resource Identifier Price effective from Koha item type
    Library of Congress Classification     Non-fiction Bishop Okullu Memorial Library (Limuru Campus) Bishop Okullu Memorial Library (Limuru Campus) General Circulation 08/05/2024 purchase 4 1 HD30.23 .O36 2022 071608 04/02/2025 06/12/2024 1 08/05/2024 Book